[Event "Junior Online 4NCL Division 2"]
[Site "online"]
[Date "2020.04.30"]
[Round "3.35"]
[White "Sturge, Sam"]
[Black "Saunders, Aron"]
[Result "1/2-1/2"]
[WhiteElo "1660"]
[BlackElo "1765"]
[PlyCount "133"]
[EventDate "2020.04.30"]
[WhiteTeam "Surbiton Juniors A"]
[BlackTeam "Downend Upstarts"]

1. e4 c6 2. d4 d5 3. exd5 cxd5 4. c4 Nf6 5. Nc3 Nc6 6. Nf3 Bg4 7. cxd5 Nxd5 8.
Be2 e6 9. a3 Be7 10. Ne5 Bxe2 11. Nxe2 O-O 12. O-O Qc7 13. f4 Bf6 14. Bd2 Rfd8
15. Rc1 Qb6 16. Nxc6 bxc6 17. Bc3 Ne3 18. Qd3 Nxf1 19. Rxf1 c5 20. Qd2 cxd4 21.
Ba5 Qb5 22. Bxd8 Rxd8 23. Rd1 d3 24. Nc3 Qb6+ 25. Kh1 g6 26. b4 Qa6 27. a4 Qc6
28. Nb1 Qxa4 29. Nc3 Qxb4 30. Nd5 Qxd2 31. Nxf6+ Kg7 32. Nh5+ gxh5 33. Rxd2 a5
34. Kg1 Kf6 35. Kf2 Kf5 36. Ke3 a4 37. g3 a3 38. h3 Ra8 39. Ra2 Rd8 40. Rd2 a2
41. Rxa2 d2 42. Rxd2 Rxd2 43. Kxd2 Ke4 44. Ke2 f5 45. h4 h6 46. Kf2 Kd4 47. Ke2
Ke4 48. Kf2 Kd3 49. Kf3 Kd2 50. Kf2 Kc3 51. Ke3 Kc4 52. Kf2 Kd4 53. Ke2 e5 54.
fxe5 Kxe5 55. Kf3 Ke6 56. Kf4 Kf6 57. Kf3 Ke5 58. Ke3 Ke6 59. Kf3 Kf6 60. Kf4
Ke6 61. Ke3 Ke5 62. Kf3 f4 63. gxf4+ Kf5 64. Kg3 Ke4 65. f5 Kxf5 66. Kf3 Ke5
67. Ke3 1/2-1/2

[Event "Junior Online 4NCL Division 2"]
[Site "online"]
[Date "2020.04.30"]
[Round "3.36"]
[White "Carter, Thomas"]
[Black "Morrison, Joseph"]
[Result "1/2-1/2"]
[WhiteElo "1592"]
[BlackElo "1465"]
[PlyCount "134"]
[EventDate "2020.04.30"]
[WhiteTeam "Downend Upstarts"]
[BlackTeam "Surbiton Juniors A"]

1. d4 d5 2. Bf4 c5 3. c3 Nc6 4. e3 Nf6 5. Nf3 Nh5 6. Bg3 Nxg3 7. fxg3 Bg4 8.
Be2 cxd4 9. exd4 e6 10. O-O Qb6 11. Ng5 Bxe2 12. Qxe2 Nd8 13. b3 Be7 14. Nf3
O-O 15. Nbd2 Rc8 16. Qe3 f6 17. Rf2 e5 18. Rc1 Ne6 19. Re2 e4 20. Nh4 f5 21.
Rf1 Bxh4 22. gxh4 f4 23. Qh3 e3 24. Nb1 Rce8 25. Qf3 Nc7 26. Qg4 Qf6 27. Rf3
Qf5 28. Qxf5 Rxf5 29. g3 Re4 30. Rxf4 Rfxf4 31. gxf4 Rxf4 32. Rxe3 Rxh4 33. Nd2
Rg4+ 34. Kh1 Kf7 35. Nf3 Kf6 36. c4 Re4 37. Rxe4 dxe4 38. Ne5 Kf5 39. Kg2 Kf4
40. Kf2 e3+ 41. Ke2 b6 42. Nd3+ Ke4 43. d5 b5 44. Nb2 Kd4 45. Nd1 bxc4 46. bxc4
Kxc4 47. d6 Ne6 48. Nxe3+ Kc5 49. Nf5 g6 50. Ne7 Kxd6 51. Nc8+ Kc7 52. Nxa7 Kb7
53. Nb5 Kb6 54. Nc3 Kc5 55. Ne4+ Kb4 56. Nf6 h6 57. Ng4 h5 58. Ne5 g5 59. Kf3
Ka3 60. Ke4 Kxa2 61. Nf7 g4 62. Kf5 Nd4+ 63. Kg5 Nf3+ 64. Kxh5 Nxh2 65. Kh4 Kb3
66. Ne5 Kc2 67. Nxg4 Nxg4 1/2-1/2

[Event "Junior Online 4NCL Division 2"]
[Site "online"]
[Date "2020.04.30"]
[Round "3.37"]
[White "Jonikas, Augustas"]
[Black "Ahmed, Bilal"]
[Result "0-1"]
[WhiteElo "1540"]
[BlackElo "1570"]
[PlyCount "38"]
[EventDate "2020.04.30"]
[WhiteTeam "Surbiton Juniors A"]
[BlackTeam "Downend Upstarts"]

1. c4 Nf6 2. d4 g6 3. Nc3 Bg7 4. Nf3 d6 5. a3 O-O 6. b4 Nbd7 7. Qc2 e5 8. d5 a5
9. Bb2 Nh5 10. e3 f5 11. Be2 Nhf6 12. O-O f4 13. e4 Ne8 14. Na4 g5 15. c5 g4
16. Nd2 Qh4 17. f3 Nxc5 18. bxc5 g3 19. h3 Bxh3 0-1

[Event "Junior Online 4NCL Division 2"]
[Site "online"]
[Date "2020.04.30"]
[Round "3.38"]
[White "Goodhew, Finn"]
[Black "Kushagra, Aarav"]
[Result "1-0"]
[WhiteElo "1562"]
[BlackElo "1300"]
[PlyCount "85"]
[EventDate "2020.04.30"]
[WhiteTeam "Downend Upstarts"]
[BlackTeam "Surbiton Juniors A"]

1. d4 d5 2. c4 c6 3. Nc3 Nf6 4. Nf3 Nbd7 5. Bf4 Nb6 6. cxd5 Nbxd5 7. Nxd5 Qxd5
8. e3 Bg4 9. Be2 e6 10. h3 Bxf3 11. Bxf3 Qa5+ 12. Ke2 Nd5 13. Bg3 Qb5+ 14. Qd3
Qa5 15. Bxd5 exd5 16. Rhd1 O-O-O 17. a3 Qa4 18. Qf5+ Rd7 19. Rac1 Qb5+ 20. Ke1
Qxb2 21. Qd3 Bxa3 22. Rb1 Qa2 23. Kf1 Bd6 24. Bxd6 Rxd6 25. Ra1 Qc4 26. Qxc4
dxc4 27. Rxa7 Rd5 28. Ra8+ Kc7 29. Rxh8 Ra5 30. Rxh7 Kb6 31. Rxg7 Kb5 32. Rxf7
Kb4 33. Rxb7+ Kc3 34. Rb6 Kc2 35. Re1 c3 36. Rxc6 Ra3 37. d5 Kd2 38. Re2+ Kd3
39. d6 Rb3 40. d7 Rb2 41. d8=Q+ Ke4 42. Re6+ Kf5 43. Qd5# 1-0

[Event "Junior Online 4NCL Division 2"]
[Site "online"]
[Date "2020.04.30"]
[Round "3.41"]
[White "Auchi, Nadhmi"]
[Black "Chen, Daniel Xingyu"]
[Result "1-0"]
[WhiteElo "1922"]
[BlackElo "1750"]
[PlyCount "29"]
[EventDate "2020.04.30"]
[WhiteTeam "Hammersmith 1"]
[BlackTeam "Warwickshire Bears A"]

1. e4 g6 2. d4 Bg7 3. Nc3 d6 4. h4 Nd7 5. h5 a6 6. a4 b6 7. Be3 Bb7 8. Bd3 c5
9. Nf3 Rc8 10. Qe2 Ngf6 11. h6 Bf8 12. d5 Qc7 13. Bxa6 Bxa6 14. Qxa6 Ra8 15.
Qxa8+ 1-0

[Event "Junior Online 4NCL Division 2"]
[Site "online"]
[Date "2020.04.30"]
[Round "3.42"]
[White "Wong, Tristan"]
[Black "Banerji, Kumar"]
[Result "0-1"]
[WhiteElo "1705"]
[BlackElo "1705"]
[PlyCount "60"]
[EventDate "2020.04.30"]
[WhiteTeam "Warwickshire Bears A"]
[BlackTeam "Hammersmith 1"]

1. d4 Nf6 2. Bf4 c5 3. c3 cxd4 4. cxd4 Nc6 5. e3 g5 6. Bg3 Bg7 7. Nc3 Qb6 8.
Qc2 d6 9. a3 Bf5 10. Qd2 Na5 11. Bb5+ Kf8 12. b4 Nb3 13. Qb2 Nxa1 14. Qxa1 Nd5
15. Nxd5 Qxb5 16. Nc7 Qc6 17. Nxa8 Qxg2 18. f3 Qxh1 19. Kf1 Bh3+ 20. Ke2 Qg2+
21. Kd3 Bd7 22. a4 h5 23. Qc1 h4 24. Qc7 Qf1+ 25. Ne2 Qd1+ 26. Kc3 Qxe2 27.
Qd8+ Be8 28. Nc7 Qxe3+ 29. Kc4 Qxd4+ 30. Kb3 Qc3+ 0-1

[Event "Junior Online 4NCL Division 2"]
[Site "online"]
[Date "2020.04.30"]
[Round "3.43"]
[White "McBrinn, Conall"]
[Black "Fellowes, Billy"]
[Result "1/2-1/2"]
[WhiteElo "1667"]
[BlackElo "1592"]
[PlyCount "82"]
[EventDate "2020.04.30"]
[WhiteTeam "Hammersmith 1"]
[BlackTeam "Warwickshire Bears A"]

1. d4 Nc6 2. e4 d5 3. e5 Bf5 4. c3 e6 5. Nf3 f6 6. Bf4 fxe5 7. Nxe5 Nxe5 8.
Bxe5 Nf6 9. Nd2 Bd6 10. Nf3 O-O 11. Bd3 Bxe5 12. Bxf5 exf5 13. Nxe5 Re8 14. O-O
c5 15. f4 cxd4 16. cxd4 Ne4 17. Qe2 Qb6 18. Rad1 Rac8 19. a3 Nd6 20. Qf3 Ne4
21. Qe2 g5 22. fxg5 Rxe5 23. Qe3 Rc2 24. Rfe1 Qxb2 25. Qh3 Nf2 26. Qg3 Rxe1+
27. Rxe1 Ne4 28. Qb8+ Kg7 29. Qe5+ Kg6 30. Qe6+ Kxg5 31. h4+ Kxh4 32. Qh6+ Kg4
33. Qg7+ Kh5 34. Qxh7+ Kg5 35. Qg7+ Kf4 36. Rf1+ Rf2 37. Qh6+ Kg4 38. Qg6+ Kh4
39. Qh6+ Kg4 40. Qg6+ Kh4 41. Qh6+ Kg4 1/2-1/2

[Event "Junior Online 4NCL Division 2"]
[Site "online"]
[Date "2020.04.30"]
[Round "3.44"]
[White "Agrawal, Ansh"]
[Black "Aserkoff, Daniel"]
[Result "1-0"]
[WhiteElo "1607"]
[BlackElo "1562"]
[PlyCount "168"]
[EventDate "2020.04.30"]
[WhiteTeam "Warwickshire Bears A"]
[BlackTeam "Hammersmith 1"]

1. e4 e5 2. Nf3 Nc6 3. Bb5 Bc5 4. Bxc6 dxc6 5. O-O Bg4 6. h3 Bh5 7. d3 Bd6 8.
Nbd2 Nf6 9. Qe1 Qd7 10. b3 Bb4 11. a3 Bxd2 12. Nxd2 O-O 13. Bb2 Qe6 14. Nc4 Nd7
15. Ne3 f6 16. Nf5 Bg6 17. Nh4 Bf7 18. Nf5 Bg6 19. Ng3 Nb6 20. Qd2 Rad8 21. Bc3
c5 22. Qe3 Qc6 23. Bb2 Rd7 24. Rfe1 Nc8 25. a4 Ne7 26. Ba3 b6 27. a5 Ra8 28.
axb6 cxb6 29. Rac1 Rad8 30. Bb2 Qb5 31. Ne2 Nc6 32. Nc3 Qa6 33. Ra1 Qb7 34.
Red1 Bf7 35. Qe2 Nd4 36. Qd2 b5 37. Ne2 Nxe2+ 38. Qxe2 c4 39. b4 cxd3 40. cxd3
Rc8 41. Rac1 Rxc1 42. Rxc1 Rc7 43. Qd2 Be6 44. Rxc7 Qxc7 45. Qc3 Qxc3 46. Bxc3
Bb3 47. f3 Bc2 48. d4 exd4 49. Bxd4 a6 50. Kf2 Kf7 51. Ke2 Ke6 52. Kd2 Bb3 53.
Kc3 Bc4 54. g3 g6 55. h4 f5 56. Kd2 Bb3 57. Ke3 Bc2 58. Bc5 fxe4 59. fxe4 Bb1
60. Bd4 Ba2 61. Kf4 Bb1 62. Bc5 Kf6 63. e5+ Ke6 64. Bd6 Bd3 65. Kg5 Bf5 66. Kh6
Be4 67. Kxh7 g5+ 68. Kh6 gxh4 69. gxh4 Bf5 70. Kg5 Bh7 71. h5 Be4 72. Kh6 Bd3
73. Kg7 Bf5 74. h6 Be4 75. h7 Bxh7 76. Kxh7 Kd7 77. Kg6 Ke6 78. Kg5 Kd7 79. Kf6
Ke8 80. Bc5 Kd8 81. Kf7 Kd7 82. e6+ Kd8 83. e7+ Kd7 84. e8=Q+ Kc7 1-0

[Event "Junior Online 4NCL Division 2"]
[Site "online"]
[Date "2020.04.30"]
[Round "3.45"]
[White "Chen, Daniel Xingyu"]
[Black "Auchi, Nadhmi"]
[Result "0-1"]
[WhiteElo "1750"]
[BlackElo "1922"]
[PlyCount "58"]
[EventDate "2020.04.30"]
[WhiteTeam "Warwickshire Bears A"]
[BlackTeam "Hammersmith 1"]

1. e4 e6 2. d3 d5 3. Nd2 Nf6 4. Ngf3 b6 5. g3 Bb7 6. e5 Nfd7 7. Bg2 c5 8. O-O
Nc6 9. Re1 Qc7 10. Qe2 Be7 11. Nf1 h6 12. Bd2 O-O-O 13. a4 g5 14. Reb1 Ndxe5
15. a5 Nxf3+ 16. Qxf3 Ne5 17. Qe2 Nc6 18. Qf3 Bd6 19. axb6 axb6 20. Bh3 Kb8 21.
Ra2 Ne5 22. Qe2 d4 23. b4 Nf3+ 24. Kh1 Nxd2+ 25. Bg2 Bxg2+ 26. Kxg2 Qb7+ 27.
Kg1 Nxb1 28. bxc5 Nc3 29. Rb2 Nxe2# 0-1

[Event "Junior Online 4NCL Division 2"]
[Site "online"]
[Date "2020.04.30"]
[Round "3.46"]
[White "Banerji, Kumar"]
[Black "Wong, Tristan"]
[Result "1-0"]
[WhiteElo "1705"]
[BlackElo "1705"]
[PlyCount "65"]
[EventDate "2020.04.30"]
[WhiteTeam "Hammersmith 1"]
[BlackTeam "Warwickshire Bears A"]

1. e4 Nc6 2. d4 d5 3. e5 Bf5 4. Nf3 e6 5. Be2 Qd7 6. O-O O-O-O 7. c3 f6 8. b4
fxe5 9. b5 Na5 10. Qa4 b6 11. Nxe5 Qe8 12. c4 Nf6 13. Bd2 Nd7 14. Nc6 Nxc6 15.
Qa6+ Kb8 16. bxc6 Nc5 17. dxc5 Qxc6 18. cxb6 cxb6 19. cxd5 Rxd5 20. Bf3 Bd3 21.
Qxd3 Rxd3 22. Bxc6 Bc5 23. Be4 Rd4 24. Bf4+ Kc8 25. Nc3 Rc4 26. Be5 Rg8 27.
Bxh7 Rh8 28. Bd3 Rg4 29. Rad1 Kb7 30. Be2 Rg5 31. Rd7+ Kc8 32. Rc7+ Kd8 33.
Rd1+ 1-0

[Event "Junior Online 4NCL Division 2"]
[Site "online"]
[Date "2020.04.30"]
[Round "3.47"]
[White "Fellowes, Billy"]
[Black "McBrinn, Conall"]
[Result "0-1"]
[WhiteElo "1592"]
[BlackElo "1667"]
[PlyCount "92"]
[EventDate "2020.04.30"]
[WhiteTeam "Warwickshire Bears A"]
[BlackTeam "Hammersmith 1"]

1. d4 e6 2. Bf4 d5 3. Nf3 Nf6 4. Nc3 c5 5. e3 a6 6. Be2 Nc6 7. O-O Be7 8. Ne5
Nxe5 9. dxe5 Nd7 10. e4 Nb6 11. exd5 Nxd5 12. Nxd5 exd5 13. Bf3 Be6 14. Bg4 O-O
15. Bxe6 fxe6 16. Qg4 Qd7 17. Rad1 b5 18. Rd2 Rf5 19. Rfd1 Raf8 20. g3 Kh8 21.
h4 Qc6 22. h5 Rg8 23. Rxd5 Rxf4 24. gxf4 exd5 25. f5 d4 26. Kh2 Qd5 27. f4 Qe4
28. Rg1 Qxc2+ 29. Kh3 Qd3+ 30. Rg3 Qf1+ 31. Rg2 Qh1+ 32. Rh2 Qa8 33. Rg2 d3 34.
h6 gxh6 35. Qxg8+ Qxg8 36. Rxg8+ Kxg8 37. f6 Bxf6 38. exf6 d2 39. f7+ Kxf7 40.
f5 d1=Q 41. f6 Qf3+ 42. Kh2 Kxf6 43. Kg1 Kg5 44. Kh2 Kg4 45. Kg1 Kg3 46. a4
Qg2# 0-1

[Event "Junior Online 4NCL Division 2"]
[Site "online"]
[Date "2020.04.30"]
[Round "3.48"]
[White "Aserkoff, Daniel"]
[Black "Agrawal, Ansh"]
[Result "1-0"]
[WhiteElo "1562"]
[BlackElo "1607"]
[PlyCount "57"]
[EventDate "2020.04.30"]
[WhiteTeam "Hammersmith 1"]
[BlackTeam "Warwickshire Bears A"]

1. e4 c5 2. Nc3 Nc6 3. f4 e6 4. Bb5 Nge7 5. Bxc6 Nxc6 6. Nf3 Be7 7. d3 d6 8.
O-O e5 9. f5 Bf6 10. Nd5 b6 11. Nxf6+ Qxf6 12. Bg5 Nd4 13. Bxf6 Nxf3+ 14. Qxf3
gxf6 15. Qg3 Ke7 16. c3 Bd7 17. Rad1 Rag8 18. Qe3 Ba4 19. b3 Bb5 20. Rf3 h5 21.
Rg3 Rf8 22. h4 Bd7 23. d4 exd4 24. cxd4 cxd4 25. Qxd4 Rc8 26. Qxd6+ Ke8 27.
Qxd7+ Kf8 28. Qxc8+ Ke7 29. Rd7# 1-0

[Event "Junior Online 4NCL Division 2"]
[Site "online"]
[Date "2020.04.30"]
[Round "3.51"]
[White "Balasundaram, Sivasatyan"]
[Black "Maton, Emily"]
[Result "0-1"]
[WhiteElo "1757"]
[BlackElo "1675"]
[PlyCount "118"]
[EventDate "2020.04.30"]
[WhiteTeam "Harrow Juniors A"]
[BlackTeam "St Albans Early Knights 1"]

1. d4 d5 2. c4 c6 3. Nc3 Nf6 4. e3 e6 5. Nf3 Nbd7 6. Bd3 dxc4 7. Bxc4 b5 8. Bd3
Bb7 9. O-O Bd6 10. a3 a6 11. Bd2 O-O 12. Rc1 c5 13. Qe2 c4 14. Bb1 Qc7 15. Na2
Bxf3 16. Qxf3 Bxh2+ 17. Kh1 Bd6 18. Bb4 Bxb4 19. Nxb4 a5 20. Na2 Qb6 21. g3
Rac8 22. Kg2 Qc6 23. Rh1 Qxf3+ 24. Kxf3 h6 25. Nc3 b4 26. axb4 axb4 27. Na2 b3
28. Nc3 Nd5 29. Nxd5 exd5 30. Bf5 Rc7 31. Ra1 Nf6 32. Rhc1 g6 33. Bh3 Ne4 34.
Ke2 h5 35. Bg2 Re8 36. Bxe4 Rxe4 37. Rc3 Re8 38. Ra5 Rd8 39. Ra3 Rdd7 40. Ra8+
Kg7 41. Ra5 Ra7 42. Rxa7 Rxa7 43. Rc1 Ra2 44. Rb1 c3 45. Kd3 Rxb2 46. Rc1 c2
47. Kc3 Rb1 48. Kd2 Rxc1 49. Kxc1 g5 50. f3 h4 51. gxh4 gxh4 52. e4 h3 53. exd5
h2 54. Kb2 h1=Q 55. d6 Qb1+ 56. Kc3 c1=Q+ 57. Kb4 Qe1+ 58. Kc5 Qc2+ 59. Kd5
Qe6# 0-1

[Event "Junior Online 4NCL Division 2"]
[Site "online"]
[Date "2020.04.30"]
[Round "3.52"]
[White "Ball, Charlie"]
[Black "Gurjar, Roshan"]
[Result "0-1"]
[WhiteElo "1540"]
[BlackElo "1622"]
[PlyCount "92"]
[EventDate "2020.04.30"]
[WhiteTeam "St Albans Early Knights 1"]
[BlackTeam "Harrow Juniors A"]

1. e4 c5 2. Nf3 d6 3. Bb5+ Bd7 4. Bxd7+ Qxd7 5. Nc3 Nc6 6. O-O Nf6 7. d3 g6 8.
h3 Bg7 9. Be3 O-O 10. Qd2 Rac8 11. Bh6 Rfe8 12. Bxg7 Kxg7 13. Nd5 Nxd5 14. exd5
Nd4 15. Qc3 Kg8 16. Nxd4 cxd4 17. Qxd4 Rxc2 18. Rac1 Rec8 19. Rxc2 Rxc2 20. Qb4
Qc7 21. Kh2 Qc5 22. Qf4 Qxd5 23. Qa4 Rxb2 24. Qa3 Rxa2 25. Qc3 a5 26. Qc8+ Kg7
27. Qc3+ Qe5+ 28. Qxe5+ dxe5 29. Re1 Kf6 30. Kg3 b5 31. Re3 b4 32. Rf3+ Ke6 33.
d4 exd4 34. Rd3 Kf6 35. Kf3 a4 36. Rxd4 b3 37. Rb4 b2 38. Ke3 Ra3+ 39. Kd2 Rb3
40. Rf4+ Ke5 41. Rxa4 b1=Q 42. Re4+ Qxe4 43. f3 Qe3+ 44. Kd1 Rd3+ 45. Kc2 Qe2+
46. Kc1 Rd1# 0-1

[Event "Junior Online 4NCL Division 2"]
[Site "online"]
[Date "2020.04.30"]
[Round "3.53"]
[White "Truscott, Philip E"]
[Black "Petcov, Andreas"]
[Result "0-1"]
[WhiteElo "1660"]
[BlackElo "1442"]
[PlyCount "52"]
[EventDate "2020.04.30"]
[WhiteTeam "Harrow Juniors A"]
[BlackTeam "St Albans Early Knights 1"]

1. e4 e5 2. Nf3 Nc6 3. Nc3 Nf6 4. Nxe5 Nxe5 5. d4 Ng6 6. e5 Ng8 7. Bc4 d6 8.
Qf3 Be6 9. Bb5+ c6 10. Bd3 dxe5 11. dxe5 Nxe5 12. Qe4 Nxd3+ 13. cxd3 Nf6 14.
Bg5 Be7 15. Bxf6 Bxf6 16. O-O-O O-O 17. h4 Re8 18. Qf4 b5 19. g4 g5 20. hxg5
Bxg5 21. Rxh7 Bxf4+ 22. Kc2 Kxh7 23. Rh1+ Kg8 24. Ne4 Bxa2 25. g5 Rxe4 26. dxe4
Qd2# 0-1

[Event "Junior Online 4NCL Division 2"]
[Site "online"]
[Date "2020.04.30"]
[Round "3.54"]
[White "Petcov, Nichiforos"]
[Black "Khanna, Pranav"]
[Result "0-1"]
[WhiteElo "1427"]
[BlackElo "1607"]
[PlyCount "92"]
[EventDate "2020.04.30"]
[WhiteTeam "St Albans Early Knights 1"]
[BlackTeam "Harrow Juniors A"]

1. e4 e5 2. Nf3 Nc6 3. Nc3 Nf6 4. Bb5 a6 5. Bxc6 dxc6 6. d3 Bd6 7. Bg5 Bg4 8.
h3 Bh5 9. h4 h6 10. Rg1 hxg5 11. g4 Bxg4 12. hxg5 Bxf3 13. Qxf3 Nd7 14. O-O-O
Qe7 15. Rg2 O-O-O 16. Qe3 Kb8 17. d4 exd4 18. Qxd4 Qe5 19. Qe3 Qf4 20. Rg3
Qxe3+ 21. Rxe3 Bf4 22. Rdd3 Bxe3+ 23. Rxe3 Nb6 24. b3 Rh1+ 25. Kb2 Rg1 26. f4
Rg4 27. Rf3 Re8 28. f5 Rxg5 29. f6 g6 30. Rf4 Nd7 31. b4 Re6 32. a4 Rxf6 33.
Rh4 Rh5 34. Rg4 Ne5 35. Rg1 Nc4+ 36. Ka2 Rh2 37. Kb1 Rff2 38. b5 cxb5 39. axb5
axb5 40. Nxb5 Rxc2 41. Rd1 Rb2+ 42. Ka1 Rxb5 43. Rd8+ Ka7 44. e5 Rxe5 45. Ra8+
Kxa8 46. Kb1 Re1# 0-1

[Event "Junior Online 4NCL Division 2"]
[Site "online"]
[Date "2020.04.30"]
[Round "3.55"]
[White "Maton, Emily"]
[Black "Balasundaram, Sivasatyan"]
[Result "0-1"]
[WhiteElo "1675"]
[BlackElo "1757"]
[PlyCount "78"]
[EventDate "2020.04.30"]
[WhiteTeam "St Albans Early Knights 1"]
[BlackTeam "Harrow Juniors A"]

1. g3 c6 2. Bg2 Nf6 3. c4 d5 4. cxd5 cxd5 5. d4 Bf5 6. Nc3 e6 7. a3 Nc6 8. Nf3
Bd6 9. O-O a6 10. b4 Rc8 11. Bb2 O-O 12. e3 b5 13. Nh4 Bg6 14. Nxg6 hxg6 15. e4
dxe4 16. Nxe4 Nxe4 17. Bxe4 Qb6 18. d5 exd5 19. Bxd5 Be5 20. Bxc6 Bxb2 21. Ra2
Qxc6 22. Rxb2 Rfd8 23. Qb1 Qf3 24. Rb3 Rc3 25. Rxc3 Qxc3 26. Qc1 Qxc1 27. Rxc1
Rd3 28. Ra1 Kf8 29. Kf1 Ke7 30. Ke2 Rc3 31. Ra2 Rb3 32. f4 Ke6 33. h3 Rxg3 34.
Kf2 Rxh3 35. Kg2 Rd3 36. Kf2 Kf5 37. Ke2 Rh3 38. Kf1 Kxf4 39. Rf2+ Rf3 0-1

[Event "Junior Online 4NCL Division 2"]
[Site "online"]
[Date "2020.04.30"]
[Round "3.56"]
[White "Gurjar, Roshan"]
[Black "Ball, Charlie"]
[Result "1-0"]
[WhiteElo "1622"]
[BlackElo "1540"]
[PlyCount "35"]
[EventDate "2020.04.30"]
[WhiteTeam "Harrow Juniors A"]
[BlackTeam "St Albans Early Knights 1"]

1. e4 d6 2. d4 Nf6 3. Nc3 Nbd7 4. Nf3 e5 5. Bc4 h6 6. O-O Be7 7. Be3 c6 8. dxe5
dxe5 9. Qd2 Qc7 10. Rad1 O-O 11. Nh4 b5 12. Bb3 a5 13. Nf5 Re8 14. Bxh6 gxh6
15. Qxh6 Bf8 16. Qg6+ Kh8 17. Bxf7 Rd8 18. Rd3 1-0

[Event "Junior Online 4NCL Division 2"]
[Site "online"]
[Date "2020.04.30"]
[Round "3.57"]
[White "Petcov, Andreas"]
[Black "Truscott, Philip E"]
[Result "1-0"]
[WhiteElo "1442"]
[BlackElo "1660"]
[PlyCount "109"]
[EventDate "2020.04.30"]
[WhiteTeam "St Albans Early Knights 1"]
[BlackTeam "Harrow Juniors A"]

1. e4 c5 2. Nf3 d6 3. Nc3 e6 4. Bb5+ Nc6 5. d4 a6 6. Bxc6+ bxc6 7. dxc5 d5 8.
exd5 cxd5 9. O-O Bxc5 10. Ne5 Qd6 11. Qh5 g6 12. Qg5 f6 13. Qh4 Qxe5 14. Bf4
Qh5 15. Qg3 e5 16. Be3 d4 17. Na4 dxe3 18. Nxc5 exf2+ 19. Rxf2 Qg5 20. Qf3 Bg4
21. Qxa8+ Kf7 22. Qb7+ Ne7 23. Qb3+ Kg7 24. Ne6+ Bxe6 25. Qxe6 Nf5 26. Qd7+ Kh6
27. c4 e4 28. c5 e3 29. Rf3 Nh4 30. Qh3 Re8 31. Rg3 Qh5 32. Rxe3 Rxe3 33. Qxe3+
Qg5 34. Qxg5+ fxg5 35. c6 Nf5 36. c7 Nd6 37. Rd1 Nc8 38. Rd8 Nb6 39. c8=Q Nxc8
40. Rxc8 g4 41. Ra8 Kg5 42. Rxa6 h5 43. b4 h4 44. b5 g3 45. hxg3 hxg3 46. b6
Kf4 47. b7 g5 48. b8=Q+ Ke3 49. Qxg3+ Ke4 50. Ra4+ Kf5 51. Qg4+ Ke5 52. Qxg5+
Ke6 53. Ra6+ Kd7 54. Qg7+ Kc8 55. Ra8# 1-0

[Event "Junior Online 4NCL Division 2"]
[Site "online"]
[Date "2020.04.30"]
[Round "3.58"]
[White "Khanna, Pranav"]
[Black "Petcov, Nichiforos"]
[Result "1-0"]
[WhiteElo "1607"]
[BlackElo "1427"]
[PlyCount "83"]
[EventDate "2020.04.30"]
[WhiteTeam "Harrow Juniors A"]
[BlackTeam "St Albans Early Knights 1"]

1. e4 e5 2. Nf3 Nc6 3. Bb5 Nf6 4. O-O a6 5. Bxc6 dxc6 6. h3 Bc5 7. Nc3 Qe7 8.
d3 h6 9. Be3 Be6 10. Bxc5 Qxc5 11. d4 exd4 12. Nxd4 O-O-O 13. Nxe6 fxe6 14. Qe2
h5 15. Rad1 h4 16. e5 Nd7 17. Rde1 Rhg8 18. Qg4 g5 19. Qxe6 Rde8 20. Qf5 b5 21.
Rd1 Re7 22. Rfe1 Rd8 23. Qxg5 Rf7 24. Qe3 Qxe3 25. Rxe3 Re7 26. e6 Nc5 27.
Rxd8+ Kxd8 28. Re5 Nd7 29. Rh5 Nf6 30. Rh8+ Ne8 31. Rxh4 Rxe6 32. Re4 Rd6 33.
Re2 Nf6 34. Ne4 Nxe4 35. Rxe4 Rd2 36. h4 Rxc2 37. Rd4+ Kc8 38. h5 Re2 39. h6
Re7 40. Rh4 Rh7 41. g4 c5 42. g5 1-0

[Event "Junior Online 4NCL Division 2"]
[Site "online"]
[Date "2020.04.30"]
[Round "3.61"]
[White "Moore, Eoin"]
[Black "Moran, Hugh"]
[Result "1-0"]
[WhiteElo "1735"]
[BlackElo "1673"]
[PlyCount "135"]
[EventDate "2020.04.30"]
[WhiteTeam "KJCA Young Kestrels B"]
[BlackTeam "Gonzaga College SJ B"]

1. d4 d6 2. c4 e5 3. d5 f5 4. e4 fxe4 5. Nc3 Nf6 6. Bg5 Be7 7. Nge2 O-O 8. Ng3
Nbd7 9. Ncxe4 Nxe4 10. Bxe7 Qxe7 11. Nxe4 Nf6 12. Bd3 Nxe4 13. Bxe4 Qh4 14. Qc2
Rf4 15. Bd3 e4 16. Bf1 Qf6 17. g3 Rf5 18. Bg2 Re5 19. O-O Bf5 20. Qb3 b6 21.
Rae1 Rae8 22. Re3 a5 23. Rfe1 h6 24. Qc2 Qg6 25. a3 R8e7 26. b4 axb4 27. axb4
Kh7 28. Ra1 Qh5 29. Rae1 Qg6 30. Ra1 Qh5 31. Ra7 Qg4 32. h3 Qg6 33. g4 Bc8 34.
Ra1 h5 35. Rae1 hxg4 36. Bxe4 Bf5 37. Bxf5 Rxf5 38. Rxe7 gxh3+ 39. Kf1 Qg2+ 40.
Ke2 Qxf2+ 41. Kd1 Qf3+ 42. Qe2 Qb3+ 43. Qc2 Qf3+ 44. R7e2 h2 45. Qxf5+ Qxf5 46.
Rxh2+ Kg8 47. Rhe2 Qd3+ 48. Rd2 Qxc4 49. Re7 Qxb4 50. Rxc7 Qb3+ 51. Ke1 Qe3+
52. Re2 Qg1+ 53. Kd2 Qd4+ 54. Ke1 Qxd5 55. Ree7 Qa5+ 56. Kf1 Qb5+ 57. Kg1 Qb1+
58. Kg2 Qg6+ 59. Kf2 Qf6+ 60. Ke2 Kf8 61. Red7 Qe6+ 62. Kd3 Qd5+ 63. Kc3 Qe5+
64. Kd3 Qf5+ 65. Kc3 Qa5+ 66. Kd3 Qf5+ 67. Kc3 g5 68. Rc8# 1-0

[Event "Junior Online 4NCL Division 2"]
[Site "online"]
[Date "2020.04.30"]
[Round "3.62"]
[White "O'laoide, Liam"]
[Black "Dorman, Orla"]
[Result "1-0"]
[WhiteElo "1585"]
[BlackElo "1660"]
[PlyCount "49"]
[EventDate "2020.04.30"]
[WhiteTeam "Gonzaga College SJ B"]
[BlackTeam "KJCA Young Kestrels B"]

1. e4 e6 2. d4 d5 3. Nd2 Nf6 4. e5 Nfd7 5. Bd3 c5 6. c3 Nc6 7. Ne2 cxd4 8. cxd4
Be7 9. f4 O-O 10. O-O f6 11. Nf3 fxe5 12. fxe5 Nb6 13. a3 Bd7 14. Qc2 h6 15.
Nf4 Rc8 16. Bh7+ Kh8 17. Ng6+ Kxh7 18. Nxe7+ Kh8 19. Ng6+ Kg8 20. Nxf8 Kxf8 21.
Ng5+ Ke7 22. Rf7+ Ke8 23. Qg6 Ne7 24. Rxe7+ Kxe7 25. Qf7# 1-0

[Event "Junior Online 4NCL Division 2"]
[Site "online"]
[Date "2020.04.30"]
[Round "3.63"]
[White "Ratnesan, Radha"]
[Black "Tempany, Max"]
[Result "0-1"]
[WhiteElo "1697"]
[BlackElo "1551"]
[PlyCount "70"]
[EventDate "2020.04.30"]
[WhiteTeam "KJCA Young Kestrels B"]
[BlackTeam "Gonzaga College SJ B"]

1. d4 Nf6 2. c4 g6 3. Nf3 Bg7 4. Nc3 O-O 5. e4 d6 6. Bg5 Nbd7 7. Be2 e5 8. d5
h6 9. Bh4 g5 10. Bxg5 hxg5 11. Nxg5 Nh7 12. Nxh7 Kxh7 13. Bg4 Nf6 14. Bxc8 Qxc8
15. h4 Qg4 16. Qxg4 Nxg4 17. Nb5 a6 18. Nc3 Bh6 19. O-O Rh8 20. g3 Kg7 21. Rad1
Rag8 22. Kg2 Kf8 23. Rde1 Rg6 24. b4 Rf6 25. c5 Bd2 26. Rd1 Bxc3 27. Rc1 Bxb4
28. cxd6 Bxd6 29. Kh3 Rg6 30. f3 Nf6 31. Rb1 b6 32. f4 exf4 33. gxf4 Nxe4 34.
Rbe1 Be7 35. Kh2 Rxh4# 0-1

[Event "Junior Online 4NCL Division 2"]
[Site "online"]
[Date "2020.04.30"]
[Round "3.64"]
[White "Hunter, Sean"]
[Black "Chaban, Roxolana"]
[Result "1-0"]
[WhiteElo "1582"]
[BlackElo "1690"]
[PlyCount "109"]
[EventDate "2020.04.30"]
[WhiteTeam "Gonzaga College SJ B"]
[BlackTeam "KJCA Young Kestrels B"]

1. e4 c5 2. Nf3 g6 3. d4 cxd4 4. Nxd4 Bg7 5. Be3 Nc6 6. Nc3 Nf6 7. f3 O-O 8.
Qd2 d5 9. Nxc6 bxc6 10. O-O-O Bb7 11. h4 dxe4 12. Qxd8 Rfxd8 13. Rxd8+ Rxd8 14.
Nxe4 Nxe4 15. fxe4 e6 16. Bd3 a6 17. Rf1 Rb8 18. Bf4 Rd8 19. Be3 Rb8 20. c3 Rd8
21. Kc2 Kf8 22. Bc4 Ke8 23. Kb3 c5 24. Bxc5 Bxe4 25. Bxa6 Rb8+ 26. Bb4 Bxg2 27.
Rd1 Bd5+ 28. c4 Bc6 29. a3 Ra8 30. Bb5 Bxb5 31. cxb5 Rb8 32. a4 f5 33. Rd6 Kf7
34. Rd7+ Kg8 35. Bd6 Rb6 36. Bc5 Rb8 37. b6 Bf6 38. b7 Be5 39. Ba7 Rxb7+ 40.
Rxb7 f4 41. Bf2 f3 42. a5 Bf6 43. a6 e5 44. a7 Be7 45. a8=Q+ Kf7 46. Qa7 Kf6
47. Rxe7 e4 48. Rf7+ Ke6 49. Qe7+ Kd5 50. Qc5+ Ke6 51. Re7+ Kf6 52. Rxe4 Kf7
53. Qe5 Kf8 54. Qc7 Kg8 55. Re8# 1-0